ბათუმის შოთა რუსთაველის სახელმწიფო უნივერსიტეტის ბიბლიოთეკა

Сборник прикладных задач на неравенства : Пособие для учителей. (ბიბ.ჩანაწერი № 39018)

000 -LEADER
fixed length control field 00637nam a2200205Ia 4500
001 - CONTROL NUMBER
control field 5524
003 - CONTROL NUMBER IDENTIFIER
control field GE_BSU
008 - FIXED-LENGTH DATA ELEMENTS--GENERAL INFORMATION
fixed length control field 181216s||||||||xx |||||||||||||| ||und||
040 ## - CATALOGING SOURCE
Transcribing agency GE_BSU
080 ## - UNIVERSAL DECIMAL CLASSIFICATION NUMBER
Universal Decimal Classification number 51(072)
100 ## - MAIN ENTRY--PERSONAL NAME
Personal name Кипнис И.М.
245 ## - TITLE STATEMENT
Title Сборник прикладных задач на неравенства : Пособие для учителей.
245 ## - TITLE STATEMENT
Statement of responsibility, etc. Ред Л. А. Сидорова
260 ## - PUBLICATION, DISTRIBUTION, ETC.
Place of publication, distribution, etc. Москва
260 ## - PUBLICATION, DISTRIBUTION, ETC.
Name of publisher, distributor, etc. Учпедгиз,
260 ## - PUBLICATION, DISTRIBUTION, ETC.
Date of publication, distribution, etc. 1961.
300 ## - PHYSICAL DESCRIPTION
Extent 102 с. 20 см.
653 ## - INDEX TERM--UNCONTROLLED
Uncontrolled term Сборник прикладных задач на неравенства
942 ## - ADDED ENTRY ELEMENTS (KOHA)
Koha item type წიგნი
ეგზემპლარები
Withdrawn status Lost status Damaged status Not for loan Date acquired Barcode Date last seen Price effective from Koha item type
        2018-12-17 16007 2018-12-17 2018-12-17 წიგნი